000
00500nam a2200169Ia 4500
008
100917s9999 xx 000 0 und d
082
_b
3527
100
_a
आपटे ना. ह.
245
_a
कुणी कुणाचे नव्हे
260
_b
---
365
_b
5
520
_a
कादंबरी
630
_a
कुणी कुणाचे नव्हे
650
_a
कादंबरी
730
_a
कुणी कुणाचे नव्हे
942
_c
BOOK
999
_c
608921
_d
608918